Normal view
MARC view
- Human biology
Entry Topical Term
001 - CONTROL NUMBER
- control field: 8547
003 - CONTROL NUMBER IDENTIFIER
- control field: NUST
005 - DATE AND TIME OF LATEST TRANSACTION
- control field: 20180117121755.0
008 - FIXED-LENGTH DATA ELEMENTS
- fixed length control field: 180117|| aca||aabn | a|a d
040 ## - CATALOGING SOURCE
- Original cataloging agency: NUST
- Transcribing agency: NUST
150 ## - HEADING--TOPICAL TERM
- Topical term or geographic name entry element: Human biology
- Form subdivision: Dictionaries.
670 ## - SOURCE DATA FOUND
- Source citation: Work cat.: (NUST)0: Youngson, R. M. 8546, Collins dictionary of human biology /, 2006.
